00473nam a2200169Ia 450000500170000000800410001702000220005804100080008008200160008810000140010424500900011826000340020830000090024250000190025165000190027070000140028920230202133149.0230125s9999 xx 000 0 und d a978-81-309-3415-0 aeng a153.94bBAR aBarrett J aTest Your Numerical AptitudebHow To Assess Your Numeracy Skills And Plan Your Career c2016bSource BooksaNew Delhi a173p aAptitude Tests aAptitude Tests aBarrett J